000 00616nam a2200217Ia 4500
003 GCL
008 140319s9999 xx 000 0 ara d
040 _aGCL /
_cGCL
082 0 4 _aد
_b050
_bم ش
100 1 _aمؤسسة الاهرام
245 1 0 _aالشباب ( 1977 : ) /
_cمؤسسة الاهرام
260 _a[S.N] :
_bمؤسسة الاهرام
300 _a146
490 _aمنشورات كلية المحاسبة - غريان
_v0
650 0 4 _aالاقتصاد
650 0 4 _aالادب
650 0 4 _aالسياسة
650 0 4 _aالرياضة
650 0 4 _aالفنون
942 _2ddc
_cCF
999 _c26990
_d26990